000 00213nam a22000857a 4500
008 170407b xxu||||| |||| 00| 0 eng d
100 _93078
_aKumar.V.
245 _aGeography Map WorkBook
260 _aNew Delhi
_bAPC
_c2009
999 _c6365
_d6365